00482nam a22001697a 450000500170000001000170001702000260003402000230006003500170008303700170010008200150011710000200013224500410015226000420019327000500023530000270028520130617124410.0 aB-512630-632 a9788178243610c795.00 a817824361xc795.00 aB-512630-632 adplbBSB/Ven a5639.10954 aHughes, Julie E aAnimal Kingdoms/cby Julie E, Hughes aRanikhet CanttbPermanent Blackc2013 aHimalayana, Mall RoadbRanikhet Cantte263645 a304p.bill.c22cm.(Hb)